<?xml version="1.0" encoding="UTF-8"?>
<record
    xmlns:xsi="http://www.w3.org/2001/XMLSchema-instance"
    xsi:schemaLocation="http://www.loc.gov/MARC21/slim http://www.loc.gov/standards/marcxml/schema/MARC21slim.xsd"
    xmlns="http://www.loc.gov/MARC21/slim">

  <leader>02317nam a22002417a 4500</leader>
  <controlfield tag="005">20260305163058.0</controlfield>
  <controlfield tag="008">260218b        |||||||| |||| 00| 0 eng d</controlfield>
  <datafield tag="020" ind1=" " ind2=" ">
    <subfield code="a">9788126569182</subfield>
  </datafield>
  <datafield tag="040" ind1=" " ind2=" ">
    <subfield code="c">AIMIT LIBRARY</subfield>
  </datafield>
  <datafield tag="082" ind1=" " ind2=" ">
    <subfield code="2">1</subfield>
    <subfield code="a">657.3</subfield>
    <subfield code="b">FAID</subfield>
  </datafield>
  <datafield tag="100" ind1=" " ind2=" ">
    <subfield code="a">Fairhurst, Danielle Stein.</subfield>
    <subfield code="9">255438</subfield>
  </datafield>
  <datafield tag="245" ind1=" " ind2=" ">
    <subfield code="a">Financial modeling in excel :</subfield>
    <subfield code="b">for dummies /</subfield>
    <subfield code="c">By Fairhurst, Danielle Stein.</subfield>
  </datafield>
  <datafield tag="250" ind1=" " ind2=" ">
    <subfield code="a">1st ed.</subfield>
  </datafield>
  <datafield tag="260" ind1=" " ind2=" ">
    <subfield code="a">New Delhi :</subfield>
    <subfield code="b">Wiley India Pvt Ltd ,</subfield>
    <subfield code="c">2024.</subfield>
  </datafield>
  <datafield tag="300" ind1=" " ind2=" ">
    <subfield code="a">xi,314 p.;</subfield>
    <subfield code="b">PB</subfield>
    <subfield code="c">23.7 cm.</subfield>
  </datafield>
  <datafield tag="500" ind1=" " ind2=" ">
    <subfield code="a">Financial Modeling in Excel For Dummies is your comprehensive guide to learning how to create informative, enlightening financial models today. Not a math whiz or an Excel power-user? No problem! All you need is a basic understanding of Excel to start building simple models with practical hands-on exercises and before you know it, you'll be modeling your way to optimized profits for your business in no time. Excel is powerful, user-friendly, and is most likely already installed on your computer&#x2014;which is why it has so readily become the most popular financial modeling software.</subfield>
  </datafield>
  <datafield tag="504" ind1=" " ind2=" ">
    <subfield code="a">Introduction  

Part 1: Getting Started with Financial Modeling

Chapter 1: Introducing Financial Modeling  

Chapter 2: Getting Acquainted with Excel

Chapter 3: Planning and Designing Your Financial Model

Chapter 4: Building a Financial Model by the Rulebook

Chapter 5: Using Someone Else's Financial Model

Part 2: Diving Deep into Excel

Chapter 6: Excel Tools and Techniques for Financial Modeling

Chapter 7: Using Functions in Excel

Chapter 8: Applying Scenarios to Your Financial Model

Chapter 9: Charting and Presenting Model Output

Part 3: Building Your Financial Model

Chapter 10: Building an Integrated Financial Statements Model

Chapter 11: Building a Discounted Cash Flow Valuation

Chapter 12: Budgeting for Capital Expenditure and Depreciation

Part 4: The Part of Tens

Chapter 13: Ten Strategies for Reducing Error

Chapter 14: Ten Common Pitfalls to? Avoid

Index</subfield>
  </datafield>
  <datafield tag="505" ind1=" " ind2=" ">
    <subfield code="r">About the Author
Danielle Stein Fairhurst (Sydney

</subfield>
  </datafield>
  <datafield tag="650" ind1=" " ind2=" ">
    <subfield code="a">Getting started with financial modeling</subfield>
    <subfield code="9">255439</subfield>
  </datafield>
  <datafield tag="650" ind1=" " ind2=" ">
    <subfield code="a">Building your financial model</subfield>
    <subfield code="9">255440</subfield>
  </datafield>
  <datafield tag="650" ind1=" " ind2=" ">
    <subfield code="a">Diving deep into excel</subfield>
    <subfield code="9">255441</subfield>
  </datafield>
  <datafield tag="942" ind1=" " ind2=" ">
    <subfield code="2">ddc</subfield>
    <subfield code="c">BK</subfield>
    <subfield code="e">1</subfield>
    <subfield code="k">657.3 FAID</subfield>
  </datafield>
  <datafield tag="999" ind1=" " ind2=" ">
    <subfield code="c">240914</subfield>
    <subfield code="d">240914</subfield>
  </datafield>
  <datafield tag="952" ind1=" " ind2=" ">
    <subfield code="0">0</subfield>
    <subfield code="1">0</subfield>
    <subfield code="2">ddc</subfield>
    <subfield code="4">0</subfield>
    <subfield code="7">0</subfield>
    <subfield code="8">MBA</subfield>
    <subfield code="a">AIMIT</subfield>
    <subfield code="b">AIMIT</subfield>
    <subfield code="c">FSA</subfield>
    <subfield code="d">2026-02-02</subfield>
    <subfield code="e">SK Publishers &amp; Distributors</subfield>
    <subfield code="g">689.00</subfield>
    <subfield code="i">Bill.no:SKP4043;Bill.dt:2026/2/2</subfield>
    <subfield code="l">0</subfield>
    <subfield code="o">657.3 FAID</subfield>
    <subfield code="p">MBA15253</subfield>
    <subfield code="r">2026-05-23 00:00:00</subfield>
    <subfield code="v">516.75</subfield>
    <subfield code="w">2026-02-18</subfield>
    <subfield code="y">BK</subfield>
  </datafield>
</record>
